Narcisismo e individualismo en un mundo que amenaza /
Zapisane w:
| 1. autor: | |
|---|---|
| Kolejni autorzy: | |
| Format: | Texto |
| Wydane: |
San José, Costa Rica:
Editorial de la Universidad de Costa Rica
|
| Hasła przedmiotowe: | |
| Etykiety: |
Dodaj etykietę
Nie ma etykietki, Dołącz pierwszą etykiete!
|
MARC
| LEADER | 00000 a a2200000 04500 | ||
|---|---|---|---|
| 001 | 45884 | ||
| 003 | |||
| 040 | |||
| 020 | |a 9977-67-978-X | ||
| 090 | |a 02.04.02 |b G643e | ||
| 100 | |a González Ortega, Alfonso | ||
| 245 | |a Narcisismo e individualismo en un mundo que amenaza / |c Alfonso González Ortega; Manuel Solís Avendaño | ||
| 260 | |a San José, Costa Rica: |b Editorial de la Universidad de Costa Rica | ||
| 650 | |a JUVENTUD | ||
| 650 | |a VALORES CULTURALES | ||
| 650 | |a VALORES SOCIALES | ||
| 700 | |a Solís Avendaño, Manuel | ||
| 773 | |g páginas 357-391 | ||
| 999 | |c 28390 |d 28390 | ||
